Náš svadobný deň

Bibliographic Details
Main Author: Brianti, Floriana (Author)
Other Authors: Bordin, Claudia, 1986- (Illustrator), Stareková, Denisa (Translator)
Format: Book
Language:Slovak
English
PhysicalDescription:79 strán farebné ilustrácie 26 cm
Published: Bratislava Fortuna Libri 2019
ISBN:9788081428678
Edition:Prvé vydanie
Subjects:

MARC

LEADER 00000nam a2200000 4500
001 vtls011911627
003 SK-MaSNL
005 20260301102348.0
008 200117s2019 xo a e 000 0 slo
015 |a SNBA2020/01 
020 |a 9788081428678  |q (viazané) 
040 |a SNK  |b slo  |c SNK  |e rda 
041 1 |a slo  |h eng 
044 |a xo  |c SK 
072 7 |a 392  |x Zvyky, mravy, obyčaje v súkromnom živote  |2 konspekt 
080 |a 392.51  |2 2011 
080 |a (059.3)  |2 2011 
080 |a (084.026.6)  |2 2011 
100 1 |a Brianti, Floriana  |4 aut  |9 438031 
240 1 0 |a Our wedding day  |l Slovensky 
245 1 0 |a Náš svadobný deň  |c text: Floriana Briantiová ; ilustrácie Claudia Bordinová 
250 |a Prvé vydanie 
264 1 |a Bratislava  |b Fortuna Libri  |c 2019 
300 |a 79 strán  |b farebné ilustrácie  |c 26 cm 
336 |a text  |b txt  |2 rdacontent 
336 |a statický obraz  |b sti  |2 rdacontent 
337 |a bez média  |b n  |2 rdamedia 
338 |a zväzok  |b nc  |2 rdacarrier 
500 |a Preložené z angličtiny Denisou Starekovou 
500 |a Názov z obálky 
500 |a Kniha so stužkami na zviazanie a vlepeným vreckom na zadnom prídoští 
650 0 7 |a svadba  |2 SNKPH  |9 3497 
650 0 7 |a svadobné zvyky  |2 SNKPH  |9 28054 
650 0 7 |a Wedding  |2 SNKPHeng  |9 336822 
650 0 7 |a Wedding customs  |2 SNKPHeng  |9 340420 
655 7 |a zápisníky  |2 SNKPH  |9 90342 
655 7 |a albumy  |2 SNKPH  |9 51421 
655 7 |a Notebooks  |2 SNKPHeng  |9 332600 
655 7 |a Albums  |2 SNKPHeng  |9 281277 
700 1 |a Bordin, Claudia,  |d 1986-  |4 ill  |9 255561 
700 1 |a Stareková, Denisa  |4 trl  |9 117983 
919 |a 978-80-8142-867-8 
999 |c 691982  |d 693912 
952 |a SNK  |b SNK  |y PREZ  |7 0  |p 17A1414038  |o snkOSB 19812  |i snk2020/1005  |8 0  |0 0  |1 0  |4 0  |d 2020-01-17  |l 0  |r 2026-02-23 20:30:32  |w 2026-02-23 
952 |a SNK  |b SNK  |y PREZ  |7 0  |p 17A1414039  |o snkOSB 19812 D1  |i snk2020/1006  |8 0  |0 0  |1 0  |4 0  |d 2020-01-17  |l 0  |r 2026-02-23 20:30:32  |w 2026-02-23